Statistiques concernant Traversez les frontières grâce aux indices !

Cliquez ici pour prendre le quiz!

Statistiques générales

  • Ce quiz a été pris 12 319 fois
    (12 115 depuis la dernière actualisation)
  • Le résultat moyen est 12 sur 21

Statistiques - réponses

IndiceRéponse% Correct
Ils ont gagné en 2006Italie
92%
En conflit depuis 2014Ukraine
77%
Le danube y couleAutriche
76%
Elle est reliée à la mer CaspienneRussie
67%
Le pays des MagyarsHongrie
66%
Borde le PacifiqueChine
60%
Le site le plus visité du pays se trouve sur son drapeauCambodge
58%
Le tamoul est l'une de ses 22 langues officiellesInde
57%
Pays moderne de l'Annam, du Tonkin et de la CochinchineViêt Nam
57%
Dans le top 10 des pays les plus visités au mondeThaïlande
55%
Compte pour 40% de la population musulmane chiite mondialeIran
54%
Aung San Suu Kyi en a été cheffe du gouvernementBirmanie
53%
Une de ses villes est connue pour sa bibliothèque et son phareEgypte
53%
Sa capitale a changé de nom deux fois depuis 2019Kazakhstan
53%
En guerre contre ce dernier dans les années 1980Irak
52%
On peut y grimper le K2Pakistan
51%
Détient l'arme nucléaireIsraël
48%
S'y rencontrent le Nil Blanc et le Nil BleuSoudan
46%
Indépendant depuis 2011Soudan du Sud
44%
Dans l'Empire colonial françaisSyrie
43%
Contient la ville francophone la plus peuplée au mondeRép. Dém. du Congo
39%

Distribution des résultats

Percentile par nombre de réponses

% des personnes avec chaque résultat

Votre développement - résultats

Vous n’avez pas pris ce quiz depuis la dernière actualisation